Szczegóły MARC21

Ustawa o pomocy osobom uprawnionym do alimentów : komentarz /

003 -Nazwa inst., której nr kontr. jest w polu 001 [,]
    • @
    • Nazwa instytucji, której n kontrolny jest w polu 001
    • NUKAT
005 -DATA I CZAS OSTATNIEJ MODYFIKACJI [,]
    • @
    • pole kontrolne
    • 20241231103213.0
020 -Międzynarod. znormalizowany nr książki - ISBN [ , ]
    • a
    • Numer ISBN
    • 9788327806826 Find
    • q
    • Dopowiedzenie
    • wersja druk.
020 -Międzynarod. znormalizowany nr książki - ISBN [ , ]
    • a
    • Numer ISBN
    • 9788327805539 Find
    • q
    • Dopowiedzenie
    • ePUB
020 -Międzynarod. znormalizowany nr książki - ISBN [ , ]
    • a
    • Numer ISBN
    • 9788327805546 Find
    • q
    • Dopowiedzenie
    • ePDF
040 -Instytucja sporządzająca opis [ , ]
    • a
    • Instytucja, która sporządziła opis (NP)
    • WR U/MB
    • c
    • Instytucja, która sporządziła rekord (NP)
    • WR U/MB
    • d
    • Instytucja, która zmodyfikowała rekord (P)
    • WR U/hb
    • d
    • Instytucja, która zmodyfikowała rekord (P)
    • WR U/MBs
942 -Rodzaj dokumentu [ , ]
    • c
    • Rodzaj dokumentu
    • Książka
100 -Hasło główne - nazwa osobowa [1, ]
    • a
    • Nazwa osobowa (NP)
    • Tomaszewska, Ewa
    • c
    • Dopowiedzenie inne niż daty biograficzne (P)
    • (prawo).
    • 9
    • KHW
    • 73142
245 -Strefa tytułu i oznaczenia odpowiedzialności [1,0]
    • a
    • Tytuł
    • Ustawa o pomocy osobom uprawnionym do alimentów : Find
    • b
    • Ciąg dalszy tytułu (NP)
    • komentarz / Find
    • c
    • Pozostałe elementy strefy tytułu i oznaczenia odpowiedzialności (NP)
    • Ewa Tomaszewska.
250 -Strefa wydania [ , ]
    • a
    • Oznaczenie wydania (NP)
    • Stan prawny na 1 maja 2014 roku.
260 -Strefa adresu wydawniczego [ , ]
    • a
    • Miejsce wydania (P)
    • Warszawa :
    • b
    • Nazwa wydawcy (P)
    • LexisNexis,
    • c
    • Data wydania (P)
    • 2014.
300 -Strefa opisu fizycznego [ , ]
    • a
    • Określenie formy książki i/lub objętość (NP)
    • 183, [3] s. ;
    • c
    • Format (NP)
    • 21 cm.
336 -Typ zawartości [ , ]
    • a
    • Termin opisujący typ zawartości
    • Tekst
    • b
    • Kod określający zawartość
    • txt
    • 2
    • Źródło (terminu i kodu)
    • rdacontent
337 -Typ mediów [ , ]
    • a
    • Tryb odtwarzania
    • Bez urządzenia pośredniczącego
    • b
    • Kod typu mediów
    • n
    • 2
    • Źródło (terminu i kodu)
    • rdamedia
338 -Typ/rodzaj nośnika [ , ]
    • a
    • Hasło opisujące typ nośnika
    • Wolumin
    • b
    • Kod typu nośnika
    • nc
    • 2
    • Źródło (terminu i kodu)
    • rdacarrier
490 -Strefa serii i książki wielotomowej - forma nie do wyszukiwania [1, ]
    • a
    • Tytuł (P)
    • Komentarze Praktyczne. Prawo Cywilne Find
830 -Hasło dodatkowe serii i opisu książki wielotomowej - tytuł ujednolicony/tytuł [ ,0]
    • a
    • Tytuł ujednolicony/tytuł (NP)
    • Komentarze Praktyczne
    • 9
    • KHW
    • 830
504 -Uwaga dot. bibliogr. załącznikowej [ , ]
    • a
    • Uwaga dot. bibliografii załącznikowej
    • Bibliogr. s. 183-[184].
080 -Uniwersalna Klasyfikacja Dziesiętna [ , ]
    • 2
    • Identyfikator wydania tablic
    • UDC-P058
    • 9
    • UKD
    • 3542
    • a
    • Symbol klasyfikacji
    • 347.61/.64
    • b
    • Dopowiedzenie
    • Prawo rodzinne i opiekuńcze. Alimenty. Rodzice i dzieci. Dzieci małżeńskie i pozamałżeńskie. Sieroty. Adopcja.
    • 4
    • UKD2
    • 7642
    • x
    • Poddział wspólny
    • (438)
    • c
    • Dopowiedzenie poddz. wspólnego
    • (Polska).
    • 4
    • UKD2
    • 7987
    • x
    • Poddział wspólny
    • (094.5.072)
    • c
    • Dopowiedzenie poddz. wspólnego
    • (Interpretacje ustaw. Komentarze. Przepisy wykonawcze).
650 -Hasło przedmiotowe [ ,7]
    • a
    • Hasło przedmiotowe
    • Świadczenia alimentacyjne
    • z
    • Określnik geograficzny
    • Polska
    • y
    • Określnik chronologiczny
    • 1990-.
    • 2
    • Źródło terminu
    • kaba
    • 9
    • KHW
    • 385221
650 -Hasło przedmiotowe [ ,7]
    • a
    • Hasło przedmiotowe
    • Świadczenia alimentacyjne
    • z
    • Określnik geograficzny
    • Polska
    • y
    • Określnik chronologiczny
    • 1990-
    • v
    • Określnik formalny
    • legislacja.
    • 2
    • Źródło terminu
    • kaba
    • 9
    • KHW
    • 385222
650 -Hasło przedmiotowe [ ,7]
    • a
    • Hasło przedmiotowe
    • Świadczenia alimentacyjne
    • x
    • Określnik rzeczowy
    • interpretacja
    • z
    • Określnik geograficzny
    • Polska
    • y
    • Określnik chronologiczny
    • 1990-.
    • 2
    • Źródło terminu
    • kaba
    • 9
    • KHW
    • 385223
980 -Symbol UKD [ , ]
    • a
    • UKD
    • 347.61/.64(438)(094.5.072)
710 -Hasło dodatkowe - nazwa ciała zbiorowego [2, ]
    • a
    • Nazwa ciała zbiorowego lub nazwa geograficzna jako pierwszy element (NP)
    • Wydawnictwo Prawnicze LexisNexis.
    • 4
    • Kod relacji
    • pbl
    • 9
    • KHW
    • 53472
920 -ISBN [ , ]
    • a
    • ISBN
    • 978-83-278-0682-6 Find
    • q
    • Dopowiedzenie
    • wersja druk.
920 -ISBN [ , ]
    • a
    • ISBN
    • 978-83-278-0553-9 Find
    • q
    • Dopowiedzenie
    • ePUB
920 -ISBN [ , ]
    • a
    • ISBN
    • 978-83-278-0554-6 Find
    • q
    • Dopowiedzenie
    • ePDF
Data inwentaryzacji Status udost. Lokalizacja Sygnatura Numer inwentarzowy
2014-07-221BSASA.22798SA.22798